00977nam a22001815i 4500001000700000003000900007005001700016008004100033040002000074100005100094245010400145260009600249300002100345500010500366852018200471999001900653952012300672162157ES-MaACL20250930063143.0000121s1876 sp |||| | spa d aCAM bspa cCAM1 aPina Domínguez, Mariano, d1840-1895913997110a¡Arda Troya! b: juguete cómico en tres actos y en verso / coriginal de Mariano Pina Dominguez. aMadrid : b[Administración Lírico-Dramática], c1876 (fImprenta de José Rodriguez) a92 p. ; c19 cm. aEn port.: Representado por primera vez en Madrid en el Teatro Español, el 24 de diciembre de 1875. aES-MaACLjF-8583(6) z-- Enc. pasta española q-- Falto de la cub. originalz-- Enc. en un vol. facticio formando parte de la col. facticia "Teatro español moderno", vol. 36 c162157d162157 001040708LIBXIXaATENEOMbATENEOMcSPP2d2008-01-17l0oF-8583(6)p1169877r2023-02-23 00:00:00w2023-02-23yMONANT